00474nam a2200145Ia 4500003000900000008004100009040001600050080001700066100002000083245012900103260002800232300001400260650004100274650001300315IN-BaIIA211028s9999 xx 000 0 eng d cIIA Library a517.3bEDW-2 aEdwards, Joseph 2aA treatise on the integral calculusbvol. 2, with applicationscJoseph Edwards  aNew YorkbChelseac1922 axv, 980p. aAstronomy and Astrophysics thesaurus aCalculus